[Event "Pushkino op"]
[Site "Pushkino"]
[Date "2012.01.11"]
[Round "2"]
[White "Ofitserian, Boris"]
[Black "Panchenko, Dmitry"]
[Result "0-1"]
[WhiteElo "2060"]
[BlackElo "2384"]
[PlyCount "110"]
[EventDate "2012.01.11"]
[EventType "swiss"]
[EventRounds "9"]
[EventCountry "RUS"]
[SourceTitle "EXT 2014"]
[Source "ChessBase"]
[SourceDate "2013.11.20"]
[SourceVersion "1"]
[SourceVersionDate "2013.11.20"]
[SourceQuality "1"]

1. e4 c6 2. d4 d5 3. exd5 cxd5 4. c4 Nf6 5. Nc3 e6 6. Nf3 Bb4 7. Bd2 Nc6 8. cxd5 Nxd5 9. Bd3 Be7 10. 0-0 0-0 11. a3 Bf6 12. Ne2 Qb6 13. Bc3 Nxc3 14. bxc3 Qa5 15. Qb3 b6 16. Qc2 h6 17. Nd2 Ba6 18. Ne4 Be7 19. Bxa6 Qxa6 20. f4 f5 21. Nf2 Qc4 22. Nd1 Na5 23. Ne3 Qb3 24. Qd3 Rac8 25. a4 Bb4 26. Rfb1 Rxc3 27. Rxb3 Rxb3 28. Qc2 Rxe3 29. Rb1 Bd6 30. Kf2 Ra3 31. g3 Kh7 32. Rd1 Rf7 33. Qc8 Re7 34. Kg2 Rxa4 35. Rc1 Ra2 36. Kf2 Nb3 37. Rd1 Nd2 38. Re1 Nb3 39. Rd1 Nd2 40. Rc1 Ne4+ 41. Kf1 Ra5 42. Rd1 Rd5 43. Rc1 b5 44. Nc3 Nxc3 45. Rxc3 Rxd4 46. Re3 Rd5 47. Qc2 b4 48. Qb3 Rb5 49. Qd3 Rb6 50. h4 b3 51. Rxe6 b2 52. Qxf5+ Kg8 53. Qd5 Kh8 54. Rxe7 b1Q+ 55. Re1 Qb5+ 0-1

[Event "Central FO-ch"]
[Site "Gagarin"]
[Date "2009.05.05"]
[Round "6"]
[White "Strekha, Igor"]
[Black "Panchenko, Dmitry"]
[Result "1/2-1/2"]
[WhiteElo "2108"]
[BlackElo "2382"]
[PlyCount "160"]
[EventDate "2009.05.01"]
[EventType "swiss"]
[EventRounds "9"]
[EventCountry "RUS"]
[SourceTitle "CBM 130 Extra"]
[Source "ChessBase"]
[SourceDate "2009.07.02"]
[SourceVersion "2"]
[SourceVersionDate "2009.07.15"]
[SourceQuality "1"]

1. e4 c6 2. d4 d5 3. e5 Bf5 4. c4 e6 5. Nc3 Ne7 6. a3 Nd7 7. c5 f6 8. f4 fxe5 9. fxe5 b6 10. b4 a5 11. Be3 axb4 12. axb4 Rxa1 13. Qxa1 bxc5 14. bxc5 Nxe5 15. dxe5 d4 16. Nb5 Nd5 17. Qxd4 Nxe3 18. Qxd8+ Kxd8 19. Nd6 Kd7 20. Nf3 Be7 21. Kd2 Ng4 22. Bc4 Ra8 23. Rf1 Ra3 24. Re1 Bd8 25. Nxf5 Ba5+ 26. Ke2 Bxe1 27. N5d4 Re3+ 28. Kf1 Bc3 29. Bxe6+ Ke8 30. Bxg4 Bxd4 31. Nxd4 Re4 32. Bf3 Rxd4 33. Bxc6+ Ke7 34. Bf3 Ke6 35. Ke2 Kxe5 36. Ke3 Rc4 37. c6 Rc3+ 38. Kd2 Kd4 39. h3 g6 40. Be4 Ra3 41. Bf3 Ra2+ 42. Kc1 Kc3 43. Kb1 Rb2+ 44. Kc1 Rd2 45. Kb1 Rd4 46. Kc1 h6 47. Bg4 Rc4 48. Bd7 Rc5 49. Kd1 Kd3 50. Be8 g5 51. Bd7 Ke3 52. g4 Rc4 53. Be8 Rc3 54. Bd7 Kd4 55. Kd2 Rc5 56. Ke2 Rc2+ 57. Ke1 Rc5 58. Kd2 Rc3 59. Ke2 Ke5 60. Kd2 Rc5 61. Kd3 Kd6 62. Ke4 Re5+ 63. Kf3 Re1 64. Kf2 Rh1 65. Kg2 Rc1 66. Kf3 Ke5 67. Ke3 Rc3+ 68. Kd2 Kd4 69. Ke2 Ke4 70. Kd2 Rc5 71. Ke2 Kf4 72. Kd3 Ke5 73. Ke3 Kd6 74. Ke4 Rc3 75. Kf5 Rxh3 76. Kg6 Rh4 77. Kf5 Rh1 78. Kg6 Rh2 79. Kf5 Rh4 80. Kg6 Rh2 1/2-1/2